000 01346cam a22004097a 4500
003 CHAP
005 20220817043434.0
008 980424d1994 mx a r 00110 spa d
010 _a75395
011 _a76367
020 _a9681642139
035 _a85950
040 _cCHAP
082 0 4 _a080
_bC5 v.120
100 0 0 _aBosch, Pedro.
_913973
245 1 0 _aPioneros de las ciencias nucleares
_c/por Pedro Bosch [y otros]
260 _aMéxico, D.F. :
_bFondo de Cultura Económica,
_c1994.
300 _a140 p. :
_bilus. ; gráfs.
410 2 _aFondo de Cultura Económica
490 3 _aLa ciencia desde México
_v; 120
590 _aBATCH-UPD
_b10
_c20130110
_lUCH01
_h0629
590 _aBATCH-UPD
_b10
_c20130110
_lUCH01
_h2258
590 _aBATCH-UPD
_b10
_c20130410
_lUCH01
_h0312
590 _aBATCH-UPD
_b10
_c20130914
_lUCH01
_h0701
590 _aCONVERSION
_b10
_c20130109
_lUCH01
_h1341
650 1 4 _aÁtomos.
650 1 4 _aFísica nuclear.
_941999
650 1 4 _aRadioactividad.
_993694
700 0 _aBulbulian, Silvia.
_916024
700 0 _aFernández, Marisela.
_940342
810 0 0 _aFondo de Cultura Económica
_942096
830 3 _aLa ciencia desde México
_v; 120
_964199
901 _aBK
905 _aAlejandra Carrasco M.
942 _cLIBRO
949 _a080 C5 v.120
_bBC
_cC
_d33724000594412
_eC
_gI.c/e
_h93032
_i85950
_sb
_t$26.00
999 _c75395
_d75395